Entrada Personal Name
Número de registros utilizados en: 2
001 - CONTROL NUMBER
- control field: 5741
003 - CONTROL NUMBER IDENTIFIER
- control field: OSt
005 - DATE AND TIME OF LATEST TRANSACTION
- control field: 20231124082241.0
008 - FIXED-LENGTH DATA ELEMENTS
- fixed length control field: 170921 a|ac|n|aab||||||||||||a |n|||||||
010 ## - LIBRARY OF CONGRESS CONTROL NUMBER
- LC control number: 83050555
040 ## - CATALOGING SOURCE
- Original cataloging agency: DLC
- Language of cataloging: spa
- Description conventions: rda
- Transcribing agency: Mx-PuUPA
- Modifying agency: Mx-PuUPA
046 ## - SPECIAL CODED DATES
- Birth date: 1575
- Death date: 1655
100 1# - HEADING--PERSONAL NAME
- Personal name: Solórzano Pereira, Juan de,
- Dates associated with a name: 1575-1655
374 ## - OCCUPATION
- Occupation: Autor
375 ## - GENDER
- Gender: hombre
377 ## - ASSOCIATED LANGUAGE
- Language code: spa
400 1# - SEE FROM TRACING--PERSONAL NAME
- Personal name: Solórzano y Pereira, Juan de,
- Dates associated with a name: 1575-1655
400 1# - SEE FROM TRACING--PERSONAL NAME
- Personal name: Solórzano Pereyra, Juan de,
- Dates associated with a name: 1575-1655
400 1# - SEE FROM TRACING--PERSONAL NAME
- Personal name: Solórzano y Pereyra, Juan de,
- Dates associated with a name: 1575-1655
400 1# - SEE FROM TRACING--PERSONAL NAME
- Personal name: Solórzano, Juan de,
- Dates associated with a name: 1575-1655
400 1# - SEE FROM TRACING--PERSONAL NAME
- Personal name: De Solórzano Pereira, Juan,
- Dates associated with a name: 1575-1655
400 1# - SEE FROM TRACING--PERSONAL NAME
- Personal name: Pereira, Juan de Solórzano,
- Dates associated with a name: 1575-1655
400 1# - SEE FROM TRACING--PERSONAL NAME
- Personal name: Pereyra, Juan de Solórzano,
- Dates associated with a name: 1575-1655
400 1# - SEE FROM TRACING--PERSONAL NAME
- Personal name: Solórzano Pereira, Ioan de,
- Dates associated with a name: 1575-1655
400 1# - SEE FROM TRACING--PERSONAL NAME
- Personal name: Solórzano, João de,
- Dates associated with a name: 1575-1655
400 1# - SEE FROM TRACING--PERSONAL NAME
- Personal name: Solórzano Pereira, Iuan de,
- Numeration: 1575-1655
400 1# - SEE FROM TRACING--PERSONAL NAME
- Personal name: Solórzano Pereira, Joannes de,
- Numeration: 1575-1655
670 ## - SOURCE DATA FOUND
- Source citation: His Memorial o discurso informativo iuridico, historico ... 1642:
- Information found: t.p. (El doctor don Ioan de Solorzano Pereira, Cavallero del Orden de Santiago ...)
670 ## - SOURCE DATA FOUND
- Source citation: Campos, F.A. de N. Príncipe perfeito, 1985:
- Information found: t.p. (D. João de Solórzano)
670 ## - SOURCE DATA FOUND
- Source citation: His Politica Indiana [MI] 1648:
- Information found: t.p. (el dotor don Iuan de Solorzano Pereira. Caballero del Orden de Santiago)
670 ## - SOURCE DATA FOUND
- Source citation: His D. Ioannis de Solorzano Pereira ... Emblemata centum regio politica, 1653:
- Information found: t.p. (Ioannis de Solorzano Pereira, I.V.D., ex Equestri Militia Diui Iacobi, et in Regiis Supremis Castellae, et Indiarum Consiliis antiquissimi, et iam emeriti senatoris)
670 ## - SOURCE DATA FOUND
- Source citation: Biblioteca del Congreso (Estados Unidos), 21 septiembre 2017:
- Information found: catálogo electrónico:
- Uniform Resource Identifier: https://goo.gl/JcoaBX